Statistics for Jorge Chávez International Airport Destinations (Lima, Peru)

Click here to take the quiz!

General Stats

  • This quiz has been taken 29 times
  • The average score is 41 of 63

Answer Stats

AirlineDestination% Correct
LATAM ParaguayAsuncion
100%
Aerolineas Argentinas/LATAM PeruBuenos Aires (Aeroparque)
100%
JetSmart Argentina/LATAM Ecuador/LATAM Peru/Sky Airlines PeruBuenos Aires (Ezeiza)
100%
LATAM PeruLa Paz
100%
LATAM PeruNew York (JFK)
100%
Air FranceParis (Charles de Gaulle)
100%
LATAM PeruQuito
100%
JetSmart Chile/LATAM Chile/LATAM Peru/Sky Airline/Sky Airlines PeruSantiago de Chile
100%
LATAM Brasil/LATAM Peru/Sky Airlines PeruSao Paulo (Guarulhos)
100%
KLMAmsterdam
94%
Avianca/LATAM Peru/WingoBogota
94%
LATAM PeruBrasilia
94%
ConviasaCaracas
94%
JetSmart Peru/LATAM Peru/Sky Airlines PeruCuzco
94%
Air Europa/Iberia/LATAM Peru/Plus Ultra Lineas AereasMadrid
94%
Aeromexico/LATAM Peru/VolarisMexico City
94%
American Airlines/LATAM Peru/Sky Airlines PeruMiami
94%
LATAM PeruRio de Janeiro (Galeao)
94%
Air CanadaToronto (Pearson)
94%
Delta Air LinesAtlanta
88%
LATAM Peru/Sky Airlines Peru/VolarisCancun
88%
Avianca Ecuador/LATAM Ecuador/LATAM PeruGuayaquil
88%
Copa AirlinesPanama City (Tocumen)
88%
LATAM Peru/Volaris Costa RicaSan Jose de Costa Rica (Juan Santamaria)
88%
LATAM PeruCali
81%
United AirlinesHouston (Intercontinental)
81%
LATAM Chile/LATAM PeruLos Angeles
81%
JetSmart Peru/LATAM Peru/Sky Airlines PeruArequipa
75%
LATAM PeruCartagena
75%
LATAM PeruMontevideo
75%
Air CanadaMontreal (Trudeau)
75%
United AirlinesNewark
75%
LATAM Peru/Sky Airlines PeruPunta Cana
75%
Boliviana de Aviacion/LATAM PeruSanta Cruz de la Sierra (Viru Viru)
75%
JetSmart Peru/LATAM Peru/Sky Airlines PeruTrujillo
75%
JetSmart Peru/LATAM Peru/Sky Airlines Peru/Star PeruIquitos
69%
JetSmart Peru/LATAM Peru/Sky Airlines PeruJuliaca
69%
LATAM PeruMedellin (JMC)
69%
LATAM ChileAntofagasta
56%
JetSmart Peru/LATAM Peru/Sky Airlines Peru/Star PeruChiclayo
56%
LATAM PeruCordoba (AR)
56%
JetBlue/Spirit AirlinesFort Lauderdale
56%
LATAM Peru/Sky Airlines PeruTacna
56%
LATAM PeruMendoza
44%
JetSmart Peru/LATAM Peru/Sky Airlines PeruPiura
44%
JetSmart Peru/LATAM Peru/Sky Airlines Peru/Star PeruCajamarca
38%
ATSA Airlines/Star PeruHuanuco
38%
LATAM PeruPorto Alegre
38%
LATAM Peru/Sky Airlines PeruTumbes
38%
LATAM Peru/Sky Airlines PeruAyacucho
31%
LATAM Peru/Sky Airlines Peru/Star PeruPucallpa
31%
LATAM PeruPuerto Maldonado
31%
LATAM PeruFoz do Iguacu
25%
LATAM PeruJaen
25%
LATAM Peru/Sky Airlines PeruJauja
25%
LATAM PeruSalta
25%
JetSmart Peru/LATAM Peru/Sky Airlines PeruTalara
25%
JetSmart Peru/LATAM Peru/Sky Airlines Peru/Star PeruTarapoto
19%
ATSA AirlinesChachapoyas
13%
LATAM PeruIlo
13%
ATSA AirlinesMazamari
6%
ArajetSanto Domingo (Las Americas)
6%
AeroregionalMachala
0%

Score Distribution

Percentile by Number Answered

Percent of People with Each Score

Your Score History

You have not taken this quiz